Denver Nuggets All-Decade Teams - Statistics

General Stats
  • This quiz has been taken 13 times
  • The average score is 17 of 25
Answer Stats
Decade Pos. Year(s) WS Player % Correct
2000s SF 2004-2009 40.8 Carmelo Anthony
100%
1990s C 1992-1996 39.3 Dikembe Mutombo
100%
1980s PG/SG 1985-1989 39.0 Fat Lever
100%
2020s PG 2020-2026 35.6 Jamal Murray
100%
2020s C 2020-2026 104.0 Nikola Jokic
100%
2010s C 2016-2019 38.9 Nikola Jokic
100%
1980s SF 1980-1989 79.2 Alex English
91%
2020s SF 2020-2025 26.5 Michael Porter Jr.
91%
2020s PF 2021-2026 27.9 Aaron Gordon
82%
2000s SG 2007-2009 16.5 Allen Iverson
82%
2020s SG 2023-2026 16.4 Christian Braun
82%
1980s C 1980-1985 50.6 Dan Issel
82%
2010s SF 2011-2017 29.5 Danilo Gallinari
73%
2000s C 2003-2008 35.9 Marcus Camby
73%
2010s PG 2010-2015 38.0 Ty Lawson
73%
2010s PF 2012-2018 35.9 Kenneth Faried
55%
1980s PF/SF 1981-1984 30.2 Kiki Vandeweghe
55%
2000s C/PF 2003-2009 29.1 Nene
55%
1990s PF/SF 1993-1998 21.6 LaPhonso Ellis
45%
1990s PG 1991-1996 22.1 Mahmoud Abdul-Rauf
45%
1990s SF 1991-1996 25.6 Reggie Williams
45%
2000s PG 2004-2007 23.9 Andre Miller
36%
1980s SG 1981-1988 29.0 T.R. Dunn
27%
2010s SG 2010-2012, 2015 17.6 Arron Afflalo
18%
1990s SG 1993-1999 22.4 Bryant Stith
18%
No matching quizzes found
Score Distribution
Percent of People with Each Score
Percentile by Number Answered
Your Score History
You have not taken this quiz